Las setenta maravillas del mundo antiguo: los grandes monumentos y cómo se construyeron
Saved in:
| Hovedforfatter: | |
|---|---|
| Format: | Bog |
| Sprog: | spansk |
| Udgivet: |
Barcelona
Art Blume
2001
|
| Udgivelse: | 1a. ed |
| Fag: | |
| Tags: |
Tilføj Tag
Ingen Tags, Vær først til at tagge denne postø!
|
MARC
| LEADER | 00000nam a2200000 a 4500 | ||
|---|---|---|---|
| 001 | UCK2264 | ||
| 003 | CL-VaPUC | ||
| 008 | 041229e20010000SP |||||||||||||||||spa|d | ||
| 020 | |a 8489396787 | ||
| 082 | 0 | 4 | |a 722 |b SCA |2 21 |
| 100 | 0 | |a Scarre, Chris |e author |9 490074 | |
| 245 | 1 | 4 | |a Las setenta maravillas del mundo antiguo: los grandes monumentos y cómo se construyeron |
| 250 | |a 1a. ed | ||
| 300 | |a 304 p | ||
| 942 | |c BK | ||
| 945 | |d 20041229 00:00:00 |a vberengu | ||
| 260 | |a Barcelona |b Art Blume |c 2001 | ||
| 650 | 0 | |a Arquitectura antigua |9 262616 | |
| 650 | 0 | |a Edificios |9 260501 | |
| 583 | |a last modification |c 20041229 00:00:00 |k Rodrigo Vera | ||
| 999 | |c 311852 |d 311850 | ||
| 952 | |0 0 |1 0 |4 0 |6 722_000000000000000_SCA_2001 |7 0 |8 P |9 381529 |a BIBARQ |b BIBARQ |d 2019-11-21 |i 4086384 |o 722 SCA 2001 |p 4086384 |r 2025-01-20 |w 2019-11-21 |y BK |k ARQ | ||